000 00625cam a2200217 4500500
005 20260329005302.0
041 _afre
042 _adc
100 1 0 _aEnjalbert, Cédric
_eauthor
245 0 0 _a“Fabrice Hyber-La Vallée” : hyberespace
260 _c2023.
500 _a34
690 _aCréation
690 _aCulture
690 _aExposition
690 _aNature
690 _aPeinture
690 _aVivant
786 0 _nPhilosophie magazine | 167 | 2 | 2023-03-01 | p. 79-79 | 1951-1787
856 4 1 _uhttps://shs.cairn.info/magazine-philosophie-magazine-2023-2-page-79?lang=fr&redirect-ssocas=7080
999 _c1841975
_d1841975